000
00315nam a22001337a 4500
008
210224b ||||| |||| 00| 0 eng d
020
_a
9780763783501
041
_a
eng
080
_2
2th
_a
138
100
_a
60
101
_a
MAR
245
_a
Essentials of Health Care Marketing
_c
Berkowitz , N.E
942
_2
udc
_c
BK
999
_c
55173
_d
55173